The Gryb (Record no. 350697)
[ view plain ]
| 000 -LEADER | |
|---|---|
| fixed length control field | 00760cam a2200277Ii 4500 |
| 001 - CONTROL NUMBER | |
| control field | 7219465 |
| 003 - CONTROL NUMBER IDENTIFIER | |
| control field | OSt |
| 005 - DATE AND TIME OF LATEST TRANSACTION | |
| control field | 20180116183024.0 |
| 008 - FIXED-LENGTH DATA ELEMENTS--GENERAL INFORMATION | |
| fixed length control field | 761206t19761974nyu 000 1 eng d |
| 035 ## - SYSTEM CONTROL NUMBER | |
| System control number | (OCoLC)ocm02602200 |
| 035 ## - SYSTEM CONTROL NUMBER | |
| System control number | (OCoLC)2602200 |
| 035 ## - SYSTEM CONTROL NUMBER | |
| System control number | (NNC)7219465 |
| 040 ## - CATALOGING SOURCE | |
| Original cataloging agency | APL |
| Transcribing agency | APL |
| Modifying agency | OCLCQ |
| 050 #4 - LIBRARY OF CONGRESS CALL NUMBER | |
| Classification number | PZ3.V3685 |
| Item number | EAR 1976 |
| 082 04 - DEWEY DECIMAL CLASSIFICATION NUMBER | |
| Classification number | 813.54 VOG 1976 |
| 100 1# - MAIN ENTRY--PERSONAL NAME | |
| Personal name | Van Vogt, A. E. |
| Fuller form of name | (Alfred Elton), |
| Dates associated with a name | 1912-2000. |
| 245 10 - TITLE STATEMENT | |
| Title | The Gryb |
| Statement of responsibility, etc. | A.E. Van Vogt. |
| 260 ## - PUBLICATION, DISTRIBUTION, ETC. | |
| Place of publication, distribution, etc. | New York : |
| Name of publisher, distributor, etc. | Daw Books, |
| Date of publication, distribution, etc. | 1976, c1974. |
| 300 ## - PHYSICAL DESCRIPTION | |
| Extent | 174 p. ; |
| Dimensions | 18 cm. |
| 440 ## - SERIES STATEMENT/ADDED ENTRY--TITLE | |
| Title | The Gryb |
| 500 ## - GENERAL NOTE | |
| General note | Original title: The secret galactics. |
| 740 01 - ADDED ENTRY--UNCONTROLLED RELATED/ANALYTICAL TITLE | |
| Uncontrolled related/analytical title | Secret galactics. |
| 942 ## - ADDED ENTRY ELEMENTS (KOHA) | |
| Source of classification or shelving scheme | |
| Koha item type | Book |
| 948 1# - LOCAL PROCESSING INFORMATION (OCLC); SERIES PART DESIGNATOR (RLIN) | |
| Series part designator, SPT (RLIN) | 20090625 |
| b (OCLC) | c |
| c (OCLC) | garecap1 |
| d (OCLC) | OSMC |
| Withdrawn status | Lost status | Source of classification or shelving scheme | Damaged status | Not for loan | Collection code | Permanent Location | Current Location | Shelving location | Date acquired | Total Checkouts | Full call number | Barcode | Date last seen | Price effective from | Koha item type |
|---|---|---|---|---|---|---|---|---|---|---|---|---|---|---|---|
| Central Library (CL) | Central Library (CL) | Fiction | 12/02/2015 | 813.54 VOG 1976 | NBSD-2296 | 12/02/2015 | 12/02/2015 | Book |
